Statistics for TRIO'S

Click here to take the quiz!

General Stats

  • This quiz has been taken 11 times
  • The average score is 4 of 10

Answer Stats

HintAnswer% Correct
Huey, Louie,Dewey
91%
Moe, Curly,Larry
73%
Harry, Ron,Hermione
55%
Athos, Aramis,Porthos
45%
It's a ball, It's a plane, It'sSuperman
45%
Messi, Suarez,Neymar
27%
Kirk, Spock,McCoy
9%
Chase, Martin,Short
9%
Hanks, Dern,Ducommun
0%
Dave, Kevin,Stuart
0%

Score Distribution

Percentile by Number Answered

Percent of People with Each Score

Your Score History

You have not taken this quiz